| 000 | 004250000a22001690004500 | ||
|---|---|---|---|
| 003 | MACL | ||
| 005 | 20151230153937.0 | ||
| 008 | 151230b xxu||||| |||| 00| 0 eng d | ||
| 040 |
_aMACL _cMACL |
||
| 041 | _aEnglish | ||
| 082 | _a223.2/HEN | ||
| 100 |
_aHenry, Matthew _925122 |
||
| 245 | _aAn Exposition of the book of Psalms | ||
| 260 |
_bBell & Daldy _c1866 |
||
| 650 |
_aPsalmistry _925123 |
||
| 942 |
_cBK _k223.2/HEN _2ddc |
||
| 999 |
_c36647 _d36647 |
||